Κυπριακά λογοτεχνικά περιοδικά στα χρόνια της αγγλοκρατίας

Αποθηκεύτηκε σε:
Λεπτομέρειες βιβλιογραφικής εγγραφής
Κύριος συγγραφέας: Παπαλεοντίου, Λευτέρης
Μορφή: Βιβλίο
Γλώσσα:Greek
Δημοσίευση: Λευκωσία : Κέντρο Επιστημονικών Ερευνών Κύπρου, 2001
Σειρά:Δημοσιεύματα του Κέντρου Επιστημονικών Ερευνών ; ; 35
Θέματα:
Ετικέτες: Προσθήκη ετικέτας
Δεν υπάρχουν, Καταχωρήστε ετικέτα πρώτοι!

MARC

LEADER 00000cam a2200000 i 4500
001 1/18985
008 120426s2001 gre d
020 |a 9963-0-8070-7 
035 |l 10112267 
040 |a GR-MY-UA  |b gre  |e aacr 
041 0 |a gre 
082 0 |a 889.05  |2 (22) 
100 1 |a Παπαλεοντίου, Λευτέρης. 
245 1 0 |a Κυπριακά λογοτεχνικά περιοδικά στα χρόνια της αγγλοκρατίας /  |c Λευτέρης Παπαλεοντίου 
260 |a Λευκωσία :   |b Κέντρο Επιστημονικών Ερευνών Κύπρου,   |c 2001 
300 |a 418 σ.;  |c 24 εκ. 
490 1 |a Δημοσιεύματα του Κέντρου Επιστημονικών Ερευνών  |v ; 35 
504 |a Περιέχει βιβλιογραφικές παραπομπές και ευρετήριο 
650 0 0 |a Greek literature, Modern  |z Cyprus  |x Periodicals. 
650 0 0 |a Greek literature, Modern  |z Cyprus  |x History and critisism  |x Periodicals. 
650 0 0 |a Greek literature, Modern  |z Cyprus  |x History and critisism. 
830 0 |a Δημοσιεύματα του Κέντρου Επιστημονικών Ερευνών ;  |v ; 35 
852 |a INST  |b RHODES  |e 20120426  |h 889.05 ΠΑΠ  |p 005400034303  |q 005400034303  |t BK  |y 0 
901 |a BIBL4-2012-1 
909 |a Ρ  |b 170936 
922 |a 4ΕΛΗ 
970 |z 2012/04/26